000 00597nam a2200217Ia 4500
003 OSt
005 20220925214742.0
006 a|||||r|||| 00| 0
007 ta
008 220923b |||||||| |||| 00| 0 eng d
037 _cGeneral Book
040 _aRTL
_cRTL
_beng
041 _2eng
_aeng
082 _aX:746.1.N33, G3
100 _aSALTER Arthur
_996109
245 0 _aRecovery
_b the second effort
260 _aLondon
_bG. Bell & Sons ltd.
_c1933
300 _axxxv, 306p
_ccm.
942 _hX:746.1.N33, G3
_cGB
_2CC
999 _c566510
_d566510